=LDR 00000nam 2200000 4500 =001 001174 =005 20250710121447 =035 ##$$a 0010-0725000077 =007 ta =008 250710################a##########0#ind## =082 ##$$a 398.209 598 =100 #$$a Quader,Suhel =245 1#$$a Engkau Pelatuk itu? /$c Suhel Quader =250 ##$$a pertama =260 ##$$a Jakarta Timur :$b Badan Pengembangan dan Pembinaan Bahasa,$c 2022 =300 ##$$a 20hlm. : $b ilus. ; $c 22,9cm =650 #4$$a cerita anak indonesia terjemahan, literasi bahan bacaan =700 #$$a Kalyani Ganapathy =856 ##$$a TBM AS-SYUHADA